01483pab a2200145 454500008004000000100002200040245005800062260000900120300001400129520108800143650002901231650002601260650001801286773003301304180718b2004 xxu||||| |||| 00| 0 eng d aDeckers, Wolfgang aChina, Globalisation and the World Trade Organization c2004 ap.102-19. aThis article claims that membership of the WTO will help industrialisation, rather than make China more dependent. Hedley Bull's realist paradigm helps to understand why China joined this organisation, any counter arguments are wishful thinking. Friedrich List's ideas for self-reliant industrialisation were used successfully by Mao Zedong, but globalisation has changed development strategy. Globalisation, if handled wrongly can make China jobless, voiceless, rootless, ruthless and futureless. If handled right, it can strengthen independence, sovereignty and self-reliance. The Chinese government needs stable external as well as internal economic conditions. There are benefits for the vast majority of Chinese, but there are also possible disadvantages. David Ricardo's "comparative advantage" has not really helped Less Developed Countries, on the other hand, China should not become a crumbled "Somalia", this means that China has to engage with globalisation, and this means also the WTO. After all, agency does exist and globalisation is a "two-edged sword". - Reproduced. aWorld Trade Organization aGlobalization - China aGlobalization aJournal of Contemporary Asia